00874nam a2200181 a 450000100100000000500170001000800410002704000250006808200230009311000920011624501290020826000910033730000440042865000550047265000470052770000290057471000890060300000226620260305073949.0090701s2004 dr abd r 000 0 spa d aDO-SdBNPbspacBNPHU a333.7097293bR426e1 aRepública Dominicana.b Secretaría de Estado de Medio Ambiente y Recursos Naturales10aEstadísticas ambientales de América Latina y el Caribe :bcaso : República Dominica /cpresentación Frank Moya Pons. aSanto Domingo :bSecretaría de Estado de Medio Ambiente y Recursos Naturales,c2004. a285 p. :bil., diagrs., mapas ;c27 cm. 4aEstadísticas ambientaleszRepública Dominicana 4aRecursos naturaleszRepública Dominicana12aMoya Pons, Frank,d1944-12aRepública Dominicana.bSecretaria de Estado de Medio Ambiente y Recursos Naturales